Premier League Hall of Fame - Statistiken

Allgemein
  • Dieses Quiz wurde 93 mal gespielt
  • Das Durchschnittsergebnis liegt bei 15 aus 24
Antwortstatistiken
Nation Verein Antwort % Korrekt
Frankreich Arsenal Thierry Henry
100%
Elfenbeinküste Chelsea Didier Drogba
91%
Argentinien Manchester City Sergio Aguero
91%
England West Ham UnitedChelsea Manchester City Frank Lampard
87%
England Liverpool Steven Gerrard
83%
Irland Nottingham ForrestManchester United Roy Keane
82%
England EvertonManchester United Wayne Rooney
81%
England Blackburn Rovers,Newcastle United Alan Shearer
79%
Schottland 1992-2013 Sir Alex Fergusson
78%
Frankreich 1996-2018 Arsene Wenger
77%
Tschechien ChelseaArsenal Petr Cech
77%
Niederlande Arsenal Dennis Bergkamp
71%
Dänemark Manchester UnitedAston Villa Manchester City Peter Schmeichel
71%
Belgien Manchester City Vincent Kompany
64%
Frankreich Leeds UnitedManchester United Eric Cantona
60%
England West Ham UnitedLeeds United Manchester United QPR Rio Ferdinand
60%
England Manchester United Paul Scholes
56%
England Chelsea John Terry
53%
England Manchester United David Beckham
48%
England Newcastle UnitedManchester United Blackburn Rovers Fulham Manchester City Portsmouth Sunderland Andy Cole
42%
England ArsenalChelsea Ashley Cole
42%
Frankreich ArsenalManchester City Patrick Vieira
30%
England ArsenalWest Ham United Ian Wright
14%
England Arsenal Tony Adams
10%
Keine übereinstimmenden Quizze gefunden
Verteilung der Resultate
Anzahl Personen mit jedem Resultat
Perzentil nach korrekt beantworteten Fragen
Ihre Resultats-Entwicklung
Sie haben dieses Quiz noch nicht gespielt